000 02095cam a22004574i 4500
003 PE-LiUPU
005 20250731173126.0
008 150623s r 000 0 d
020 _a0804206880
035 _a(Sirsi) i9780804206884
040 _aPE-LiUPU
_bspa
_cPE-LiUPU
_erda
049 _aPRUA
082 0 4 _a230.01
_bA47
_221
100 1 _aAllen, Diogenes,
_eautor.
245 1 0 _aPhilosophy for understanding theology /
_cDiogenes Allen.
264 1 _aAtlanta :
_bJohn Knox Press,
_c1985.
300 _a287 páginas ;
_c20 centímetros
336 _atext
_2rdacontent
337 _aunmediated
_2rdamedia
338 _avolume
_2rdacarrier
505 0 _aThe foundation of christian theology: the world was created. The world is the handiwork of a mind. This world is not our home. The stoics, plotinus, pseudodionysius. His Categories and the mystery of God. Aristotle and the creation of scholastic theology. Aquinas'program and two critics: Karl Barth and process theology. The beginnings of the modern world: nominalism, humanism, the scientific revolution. Early modern Philosophy: rationalism, empiricism, the enlightenment. Kant and the limits of knowledge. Hegel and the restoration of optimism. The search for meaning in contemporary philosophy: existentialism, phenomenology, analytic philosophy, hermeneutics.
526 _aSEG42
526 _aSEG41
526 _aSEG40
526 _aSEG39
526 _aP94
526 _aP87
526 _aP86
526 _aP85
526 _aP77
526 _aP76
526 _aP35
650 0 4 _aFilosofía
_xHistoria.
650 0 4 _aTeología filosófica
_xIntroducción.
942 _2ddc
_cBOOK
949 _a230.01 A47
_wDEWEY
_c1
_i51205
_lCCODEBUL1
_mBUL
_p7.00
_r0
_sY
_tBOOK
_u2015-6-24
_xTEOLOGIA
_PP35
_0COMPRA
_o.STAFF. Colección General
994 _aC0
_bPEPRU
596 _a1
999 _a230.01 A47
_wDEWEY
_c32910
_i51205
_d32910
_f2021-11-9
_g6
_lCCODEBUL1
_mBUL
_p7.00
_q1
_r0
_sY
_tBOOK
_u2015-6-24
_xTEOLOGIA
_PP35
_0COMPRA
_o.STAFF. Colección General
980 _81
_gALBERTO SANCHEZ Responsable de Automatización